000 00859nam a2200253 i 4500
001 bg
245 0 0 _aLaboratorium przyrządów półprzewodnikowych :
_b[praca zbiorowa] /
_cpod red. Michała Polowczyka ; [aut.] E[ugeniusz] Klugmann [et al.] ; Politechnika Gdańska.
250 _a[Wyd. 2].
260 _aGdańsk :
_bWydaw. PG,
_c1996.
300 _a140 s. :
_brys., wykr. ;
_c24 cm.
504 _aBibliogr. przy rozdz.
521 _aSkrypt dla studentów Wydz. Elektroniki, Telekomunikacji i Informatyki.
650 9 _aPółprzewodniki
_xurządzenia
655 _aPodręczniki akademickie
700 1 _aKLUGMANN, Eugeniusz.
700 1 _aPOLOWCZYK, Michał.
_eRed.
020 _a8386537329
040 _cBPK
041 0 _apl
080 _a621.382(075.8)
920 _a83-86537-32-9
942 _cKS
008 s pl f |000 0 pol
999 _c24854
_d24854
856 _uhttp://koha.tu.koszalin.pl/cgi-bin/koha/opac-detail.pl?biblionumber=24854
_yKatalog online BPK